| 000 | 00514nam a22001937a 4500 | ||
|---|---|---|---|
| 003 | DO-SdBNP | ||
| 005 | 20221104141855.0 | ||
| 007 | ta | ||
| 008 | 221104b2020 dr a|||| |||| 00| 0 spa d | ||
| 040 |
_aDO-SdBNP _bspa _cBNPHU |
||
| 082 | 4 | _222 | |
| 100 | 1 |
_aArias, Rosa Elina _972926 |
|
| 245 | 1 | 3 | _aEl universo poético de Plinio Chahín |
| 260 |
_aSanto Domingo : _bEspacios culturales, _c2020. |
||
| 300 |
_a8 p. : _bil. ; _c26 cm. |
||
| 590 | _aInventariado, 2022/BT | ||
| 910 | _aBtavárez | ||
| 942 |
_2ddc _cLBS1 |
||
| 999 |
_c52796 _d52796 |
||